000 00594nam a2200217Ia 4500
005 20260429112009.0
008 260429s9999||||xx |||||||||||||| ||und||
020 _a9781032203010
041 _aEnglish
082 _a659
_bDER
100 _aDerda, Izabela
245 0 _aAdvertising as a creative industry :
_bregime of paradoxes /
_cIzabela Derda
250 _a1st ed.
260 _aNew Delhi :
_bRoutledge,
_c2024.
300 _a92 p.; hb
650 _a Creative industries
650 _a Marketing communication
650 _a Media studies
650 _aAdvertising
942 _cTB
999 _c51809
_d51809